01013nam a22002297a 4500999001700000003000900017008004100026040007100067082003000138100003600168245002800204260003700232300004500269505022500314650002100539650003000560650002400590650004100614942001600655945000900671952010300680 c10278d10278AR-CdUCM190329b ||||| |||| 00| 0 spa d aMUNICIPALIDAD PROVINCIAL DEL CUSCOcBIBLIOTECA MUNICIPAL DEL CUSCO 210ed.a373.3 /bG92 /1966 aGuillén de Rezzano, Clotilde, aDidáctica especial / aBuenos Aires : bKapelusz,c1966 a316 paginas ;bCuadros, diagamasc20 cm. aContenido : Didáctica del lenguaje -- Didáctica de la lectura inicial -- La lectura corriente, intelectual y expresiva -- La enseñanza simultanea de la lectura y la escritura -- Didáctica de la composición... aEducación9460 aEducación fisica913743 aMetodología92264 aDidáctica de la enseñanza927048 2ddccLIBROS awnts 002ddc4070aSCAbSCAcCARTd2019-03-29g80.00o373.3 / G92 /1966pSCA0000675r2019-03-29yLIBROS